书目信息 |
| 题名: |
土木工程制图习题集
|
|
| 作者: | 谢步瀛 主编 | |
| 分册: | ||
| 出版信息: | 上海 同济大学出版社 2004.02 |
|
| 页数: | 1册 | |
| 开本: | 26×36cm | |
| 丛书名: | ||
| 单 册: | ||
| 中图分类: | TU204.2-44 | |
| 科图分类: | ||
| 主题词: | 建筑工程--建筑制图--习题 , 建筑工程 , 建筑制图 | |
| 电子资源: | ||
| ISBN: | 7-5608-2004-2 | |
| 000 | 00691nam0 2200241 45 | |
| 001 | 012004000000 | |
| 005 | 20041026104756.42 | |
| 010 | @a7-5608-2004-2@dCNY 10.00 | |
| 096 | @a75608·20042@dCNY10.00 | |
| 100 | @a20040910d2004 em y0chiy0121 ea | |
| 101 | 0 | @achi |
| 102 | @aCN@b310000 | |
| 105 | @aaf q 000yy | |
| 200 | 1 | @a土木工程制图习题集@Atu mu gong cheng zhi tu xi ti ji@f谢步瀛主编 |
| 210 | @a上海@c同济大学出版社@d2004.02 | |
| 215 | @a1册@c图@d26×36cm | |
| 606 | 0 | @a建筑工程@x建筑制图@j习题 |
| 606 | 0 | @a建筑工程 |
| 606 | 0 | @a建筑制图 |
| 690 | @aTU204.2-44@v4 | |
| 701 | 0 | @a谢步瀛@Axie bu ying@4主编 |
| 801 | 0 | @aCN@bQSSKt@c20041026 |
| 905 | @a10447@dTU204.2-44@eX420 | |
| 土木工程制图习题集/谢步瀛主编.-上海:同济大学出版社,2004.02 |
| 1册:图;26×36cm |
| ISBN 7-5608-2004-2:CNY 10.00 |
| ● |
| 相关链接 |
|
|
|
正题名:土木工程制图习题集
索取号:TU204.2-44/X420
 
预约/预借
| 序号 | 登录号 | 条形码 | 馆藏地/架位号 | 状态 | 备注 |
| 1 | 422947 | 204229478 | 自科二线404/404自科库 23排5列5层/ [索取号:TU204.2-44/X420] | 在馆 | |
| 2 | 422948 | 204229487 | 建筑库101/101建筑库 39排2列6层/ [索取号:TU204.2-44/X420] | 在馆 | |
| 3 | 422949 | 204229496 | 自科二线404/404自科库 23排5列6层/ [索取号:TU204.2-44/X420] | 在馆 |